000 01220cam a2200325 a 4500
005 20260322212018.0
008 data
010 _a 2002513136
020 _a0471223301 (pbk. : alk. paper)
020 _a9780471223306 (pbk. : alk. paper)
040 _aDLC
_cDLC
_dDLC
050 0 0 _aQH316
_b.G37 2002
082 0 0 _a570
_221
092 _a570 G37 2002
100 1 _aGarber, Steven D.
245 1 0 _aBiology :
_ba self-teaching guide /
_cSteven D. Garber.
250 _a2nd ed.
260 _aNew York :
_bWiley,
_cc2002.
300 _axiv, 354 p. :
_bill. ;
_c24 cm.
440 2 _aA Self-teaching guide
650 0 _aBiology
_xStudy and teaching.
650 0 _aBiology.
856 4 2 _3Contributor biographical information
_uhttp://www.loc.gov/catdir/bios/wiley043/2002513136.html
856 4 2 _3Publisher description
_uhttp://www.loc.gov/catdir/description/wiley036/2002513136.html
856 4 1 _3Table of contents
_uhttp://www.loc.gov/catdir/toc/wiley031/2002513136.html
906 _a7
_bcbc
_corigcop
_d2
_encip
_f20
_gy-gencatlg
925 0 _aacquire
_b1 shelf copy
_xpolicy default
955 _djb04 2002-12-20
_ejb15 2002-12-23 to Dewey
001 data
999 _c407
_d407